Score 0/35 Timer 20:00
0 Plays Today
% Correct
Gustavo Fring
91%
Mike Ehrmantraut
89.3%
Skyler White
82.5%
Walter White
81.3%
Jack Welker
80.3%
Walter White Jr.
78.8%
Holly White
76.1%
Jesse Pinkman
75.2%
Gale Boetticher
69.3%
Krazy-8
67.6%
Hank Schrader
63.8%
Andrea Cantillo
59.5%
Skinny Pete
56.1%
Todd Alquist
54.1%
Jane Margolis
49.4%
Badger
46.8%
Ted Beneke
46.2%
Victor
44%
% Correct
Steve Gomez
43.4%
Gretchen Schwartz
43.4%
Kenny
42.7%
Saul Goodman
42.1%
Lydia Rodarte-Quayle
41.5%
Don Eladio
40%
Tuco Salamanca
29.8%
Huell Babineaux
29.7%
Patrick Kuby
28%
Bogdan Wolynetz
27.7%
Tyrus Kitt
25.2%
Elliott Schwartz
25.1%
Brock Cantillo
23.5%
Combo
23.2%
Declan
21.9%
Marie Schrader
20.3%
Carmen Molina
18.5%

You're not logged in!

Compare scores with friends on all Sporcle quizzes.
OR
Log In

Sporcle TV

Today on Sporcle TV


Watch our educational content, quiz creation guides, and fun videos on Sporcle TV.

Show Comments

Extras

Top Quizzes Today


Score Distribution

Paid Content

Your Account Isn't Verified!

In order to create a playlist on Sporcle, you need to verify the email address you used during registration. Go to your Sporcle Settings to finish the process.

Report this User

Report this user for behavior that violates our Community Guidelines.

Details: